| 000 | 01244cam a2200325 a 4500 | ||
|---|---|---|---|
| 001 | 1431680 | ||
| 003 | OSt | ||
| 005 | 20230622085238.0 | ||
| 008 | 840509s1983 enk b 001 0 eng | ||
| 010 | _a 84159964 | ||
| 020 | _a0406291039 | ||
| 040 |
_aDLC _cDLC _dDLC |
||
| 043 | _ae-uk--- | ||
| 050 | 0 | 0 |
_aKD4354 _b.M38 1983 |
| 082 | 0 | 0 |
_a328.41/05 _219 _bGOR |
| 100 | 1 |
_aMay, Thomas Erskine, _d1815-1886. |
|
| 240 | 1 | 0 | _aTreatise on the law, privileges, proceedings, and usage of Parliament |
| 245 | 1 | 0 | _aErskine May's Treatise on the law, privileges, proceedings, and usage of Parliament. |
| 250 |
_a20th ed. / _beditor, Sir Charles Gordon ; assistant editors, K.A. Bradshaw ... [et al.]. |
||
| 260 |
_aLondon : _bButterworths ; _aSt. Paul, Minn. : _bMason Pub. Co., _c1983. |
||
| 300 |
_axlviii, 1200 p. ; _c26 cm. |
||
| 500 | _aSpine title: Parliamentary practice. | ||
| 504 | _aIncludes bibliographical references and index. | ||
| 610 | 1 | 0 |
_aGreat Britain. _bParliament _xRules and practice. |
| 700 | 1 |
_aGordon, Charles, _d1918- |
|
| 740 | 0 | _aTreatise on the law, privileges, proceedings, and usage of Parliament. | |
| 740 | 0 | _aParliamentary practice. | |
| 906 |
_a7 _bcbc _corignew _d2 _encip _f19 _gy-gencatlg |
||
| 942 |
_2ddc _cBK |
||
| 999 |
_c2340 _d2340 |
||